Die Täufer in Nikolsburg und Umgebung /

Hlavní autor: Rigasová, Milada, 1950-
Jazyk: Němčina
Vydáno: Mikulov : Stadt Mikulov, 2014
Vydání: 1. Aufl.
Témata:
Fyzický popis: 62 s. : il. (převážně barev.), portréty, faksim. ; 24 cm
Knihy
Uloženo v:
LEADER 02523nam a2200613 a 4500
001 nkc20142616631
003 CZ PrNK
005 20141009131103.0
007 ta
008 140903s2014 xr abche 000 0 ger
015 |a cnb002616631 
020 |a 978-80-260-6963-8  |q (v knize neuvedeno ;  |q brož.)  |z 978-80-260-6482-4 
035 |a (OCoLC)892782087 
040 |a OLA001  |b cze 
041 1 |a ger  |h cze 
043 |a e-xr---  |b e-xr-jm  |2 czenas 
045 |a t-u- 
072 7 |a 271/279  |x Křesťanské církve, sekty, denominace  |2 Konspekt  |9 5 
080 |a 276-726.6  |2 MRF 
080 |a 27-4  |2 MRF 
080 |a 338.4  |2 MRF 
080 |a 334.712  |2 MRF 
080 |a 001:316.344.3  |2 MRF 
080 |a (437.322)  |2 MRF 
080 |a (048.8)  |2 MRF 
100 1 |a Rigasová, Milada,  |d 1950-  |7 xx0003486  |4 aut 
245 1 4 |a Die Täufer in Nikolsburg und Umgebung /  |c [Texte Milada Rigasová ; Übersetzung Anna Ohlidal] 
250 |a 1. Aufl. 
260 |a Mikulov :  |b Stadt Mikulov,  |c 2014 
300 |a 62 s. :  |b il. (převážně barev.), portréty, faksim. ;  |c 24 cm 
500 |a Přeloženo z češtiny 
504 |a Obsahuje bibliografii 
648 7 |a 16.-17. století  |7 ch757028  |2 czenas 
650 0 7 |a anabaptisté  |7 ph135830  |z Česko  |y 16.-17. století  |2 czenas 
650 0 7 |a církevní život  |7 ph119306  |z Česko  |y 16.-17. století  |2 czenas 
650 0 7 |a ekonomické činnosti  |7 ph119834  |z Česko  |y 16.-17. století  |2 czenas 
650 0 7 |a řemeslná výroba  |7 ph128289  |z Česko  |y 16.-17. století  |2 czenas 
650 0 7 |a vzdělanost  |7 ph127306  |z Česko  |y 16.-17. století  |2 czenas 
650 0 9 |a Anabaptists  |z Czechia  |y 16th-17th centuries  |2 eczenas 
650 0 9 |a church life  |z Czechia  |y 16th-17th centuries  |2 eczenas 
650 0 9 |a economic activities  |z Czechia  |y 16th-17th centuries  |2 eczenas 
650 0 9 |a handicraft production  |z Czechia  |y 16th-17th centuries  |2 eczenas 
650 0 9 |a educational attainment  |z Czechia  |y 16th-17th centuries  |2 eczenas 
651 7 |a Mikulov (Břeclav, Česko : oblast)  |7 ge130006  |y 16.-17. století  |2 czenas 
651 9 |a Mikulov Region (Břeclav, Czechia)  |y 16th-17th centuries  |2 eczenas 
655 7 |a studie  |7 fd133597  |2 czenas 
655 9 |a studies  |2 eczenas 
910 2 |a BOA001  |b 2-1331.637 
928 9 |a Město Mikulov 
990 |a BK 
995 |a 01 
991 |b 201409  |c NOV  |e n 
996 6 |b 2610602954  |c 2-1331.637  |l MZK  |r Sklad / do 1 hodiny  |n 1  |p p.v.  |w 001453143  |u 000010  |a 1  |e BOA001  |j MZK50  |s P 
996 7 |b 2610602955  |c 2-1331.637  |l MZK  |r Sklad / do 1 hodiny  |n 0  |p p.v.  |w 001453143  |u 000020  |a 1  |e BOA001  |j MZK50  |s A